Chile 100 años artes visuales
Tallennettuna:
| Yhteisötekijä: | |
|---|---|
| Aineistotyyppi: | Kirja |
| Kieli: | espanja |
| Julkaistu: |
Santiago
Museo Nacional de Bellas Artes
2000
|
| Aiheet: | |
| Tagit: |
Lisää tagi
Ei tageja, Lisää ensimmäinen tagi!
|
MARC
| LEADER | 00000nam a2200000 a 4500 | ||
|---|---|---|---|
| 001 | UCN3355 | ||
| 003 | CL-VaPUC | ||
| 008 | 010622e20000000CL |||||||||||||||||spa|d | ||
| 082 | 0 | 4 | |a 709.040083 |b MUS |2 21 |
| 110 | 2 | |a Museo Nacional de Bellas Artes |e author |9 459884 | |
| 245 | 1 | 0 | |a Chile 100 años artes visuales |
| 300 | |a 3 v | ||
| 942 | |c BK | ||
| 945 | |d 20010622 00:00:00 |a cmena | ||
| 260 | |a Santiago |b Museo Nacional de Bellas Artes |c 2000 | ||
| 500 | |a v.1: 1900-1950: modelo y representación | ||
| 500 | |a v.2: 1950-1973: entre modernidad y utopía | ||
| 500 | |a v.3: 1973-2000: transferencia y densidad | ||
| 650 | 7 | |a HISTORIA DEL ARTE CHILENO |2 CL-VaPUC |9 459885 | |
| 650 | 0 | |a Arte chileno |y Siglo 20 |9 459886 | |
| 650 | 0 | |a Artes plásticas |9 268637 | |
| 583 | |a last modification |c 20010622 00:00:00 |k Rodrigo Vera | ||
| 999 | |c 296270 |d 296268 | ||
| 952 | |0 0 |1 0 |4 0 |6 709_040083000000000_MUS_2000 |7 0 |8 R |9 349924 |a BIBART |b BIBART |d 2019-11-20 |h v.1 |i 3729060 |l 1 |o 709.040083 MUS 2000 |p 3729060 |r 2025-03-13 |s 2022-08-31 |w 2019-11-20 |y BK_R |k ART | ||
| 952 | |0 0 |1 0 |4 0 |6 709_040083000000000_MUS_2000 |7 0 |8 R |9 349925 |a BIBART |b BIBART |d 2019-11-20 |h v.2 |i 3729079 |l 3 |m 1 |o 709.040083 MUS 2000 |p 3729079 |r 2025-03-13 |s 2024-11-04 |w 2019-11-20 |y BK_R |k ART | ||
| 952 | |0 0 |1 0 |4 0 |6 709_040083000000000_MUS_2000 |7 0 |8 R |9 349926 |a BIBART |b BIBART |d 2019-11-20 |h v.3 |i 3729087 |l 7 |m 1 |o 709.040083 MUS 2000 |p 3729087 |r 2025-03-13 |s 2023-10-13 |w 2019-11-20 |y BK_R |k ART | ||